ENCYCLOPAEDIC DICTIONARY OF MATHEMATICS (Record no. 20618)

MARC details
000 -LEADER
fixed length control field 00418nam a22001697a 4500
003 - CONTROL NUMBER IDENTIFIER
control field OSt
005 - DATE AND TIME OF LATEST TRANSACTION
control field 20211129155450.0
008 - FIXED-LENGTH DATA ELEMENTS--GENERAL INFORMATION
fixed length control field 211129b |||||||| |||| 00| 0 eng d
020 ## - INTERNATIONAL STANDARD BOOK NUMBER
International Standard Book Number 8170415414
040 ## - CATALOGING SOURCE
Transcribing agency H U
082 ## - DEWEY DECIMAL CLASSIFICATION NUMBER
Classification number 510.30
100 ## - MAIN ENTRY--PERSONAL NAME
Personal name ARORAL ,S . K.
9 (RLIN) 20995
245 ## - TITLE STATEMENT
Title ENCYCLOPAEDIC DICTIONARY OF MATHEMATICS
260 ## - PUBLICATION, DISTRIBUTION, ETC.
Place of publication, distribution, etc. INDIA
Name of publisher, distributor, etc. ANMOL PUBLICATIONS
Date of publication, distribution, etc. 1991
300 ## - PHYSICAL DESCRIPTION
Extent 468
942 ## - ADDED ENTRY ELEMENTS (KOHA)
Source of classification or shelving scheme Dewey Decimal Classification
Koha item type Books like text book referance book
Suppress in OPAC No
Holdings
Withdrawn status Lost status Source of classification or shelving scheme Damaged status Not for loan Home library Current library Shelving location Date acquired Total Checkouts Full call number Barcode Date last seen Copy number Price effective from Koha item type
    Dewey Decimal Classification     College of Business and Economics Library College of Business and Economics Library General Stacks 11/29/2021   510.30/ARO MBEIJB 00002755 11/29/2021 1 11/29/2021 Books like text book referance book
    Dewey Decimal Classification     College of Business and Economics Library College of Business and Economics Library General Stacks 11/29/2021   510.30/ARO MBEIJB 00002756 11/29/2021 2 11/29/2021 Books like text book referance book
    Dewey Decimal Classification     College of Business and Economics Library College of Business and Economics Library General Stacks 11/29/2021   510.30/ARO MBEIJB 00002757 11/29/2021 3 11/29/2021 Books like text book referance book